<?xml version="1.0" encoding="UTF-8"?>
<record
    xmlns:xsi="http://www.w3.org/2001/XMLSchema-instance"
    xsi:schemaLocation="http://www.loc.gov/MARC21/slim http://www.loc.gov/standards/marcxml/schema/MARC21slim.xsd"
    xmlns="http://www.loc.gov/MARC21/slim">

  <leader>03565nam a22001937a 4500</leader>
  <controlfield tag="003">IT-RoPau</controlfield>
  <controlfield tag="005">20220918175935.0</controlfield>
  <controlfield tag="008">121116b        xxu||||| |||| 00| 0 eng d</controlfield>
  <datafield tag="040" ind1=" " ind2=" ">
    <subfield code="c">IT-RoPau</subfield>
  </datafield>
  <datafield tag="100" ind1=" " ind2=" ">
    <subfield code="a">Alberione Giacomo</subfield>
    <subfield code="q">Fondatore Famiglia Paolina</subfield>
    <subfield code="9">19</subfield>
  </datafield>
  <datafield tag="245" ind1=" " ind2=" ">
    <subfield code="a">Meditazioni del Primo Maestro alle Figlie di San Paolo.</subfield>
    <subfield code="b"> Tomo 2 Alba 1933</subfield>
  </datafield>
  <datafield tag="250" ind1=" " ind2=" ">
    <subfield code="a">1</subfield>
  </datafield>
  <datafield tag="260" ind1=" " ind2=" ">
    <subfield code="a">Alba</subfield>
    <subfield code="b">FSP</subfield>
    <subfield code="c">?1960?</subfield>
  </datafield>
  <datafield tag="300" ind1=" " ind2=" ">
    <subfield code="a">156 p.</subfield>
    <subfield code="c">29,5 cm</subfield>
  </datafield>
  <datafield tag="490" ind1=" " ind2=" ">
    <subfield code="a">Tomo 2</subfield>
    <subfield code="v">Tomo2</subfield>
  </datafield>
  <datafield tag="500" ind1=" " ind2=" ">
    <subfield code="a">Come nel volume precedente</subfield>
  </datafield>
  <datafield tag="520" ind1=" " ind2=" ">
    <subfield code="a">Indice
San Giuseppe                                                     pag.   1
La Sacra Famiglia                                                 "      3
Ora di Adorazione                                                 "      6
La Sacra Bibbia e la Teologia                                 "     11
Il Catechismo                                                        "    14  
Nostra Signora di Lourdes                                      "    16
Come leggere la Sacra Scrittura                              "   19
La virt&#xF9; dell' obbedienza                                          "   23
L'uso della Sacra Scrittura per le Figlie di San paolo  "   27
La mortificazione                                                    "   29 
I Cooperatori                                                          "   31
Fare il posto alle grazie di Dio                                 "   33
Introduzione al mese di maggio                               "   37
Umilt&#xE0; e fiducia                                                      "   38
Maria nella nostra vita                                             "   39
Vespro della Regina degli Apostoli                           "   42
Primo Venerd&#xEC;                                                        "   44
Vespro della festa di Pentecoste                             "    46
La Santissima Trinit&#xE0;                                              "   49
Corpus  Domini                                                      "   53
Ora di Adorazione sul Paradiso                               "   59
Premio di coloro che seguono Ges&#xF9; Cristo               "   63
Festa di San Paolo                                                "    68
Ora di Adorazione                                                  "   72
Ora di Adorazione sul Paradiso                               "   77
L' Eucarestia e il Beato Ejmard                               "   84
Zelo degli Apostoli-Fortezza dei Martiri-virt&#xF9; dei conf. "  88
I Santi                                                                   "   93
Le Missioni                                                            "   96
In preparazione alla morte                                        " 100      
Le vocazioni                                                           "  102
Il nome di Maria                                                      "  105
Ges&#xF9; modello dei moribondi                                     "  109
Gli Angeli                                                               "  112
La morte                                                                "   115
Mezzi per prepararci alla morte                                "   120
Il Paradiso &#xE8; gaudio                                                "   124
Piccole notizie                                                       "    129
Il valore degli Esercizi Spirituali                               "    130
La presentazione dell' anima                                   "    132
Brevi lezioni sulla Sacra Bibbia                               "     138   
    </subfield>
  </datafield>
  <datafield tag="942" ind1=" " ind2=" ">
    <subfield code="2">ddc</subfield>
    <subfield code="c">BK</subfield>
  </datafield>
  <datafield tag="999" ind1=" " ind2=" ">
    <subfield code="c">37521</subfield>
    <subfield code="d">37521</subfield>
  </datafield>
  <datafield tag="952" ind1=" " ind2=" ">
    <subfield code="0">0</subfield>
    <subfield code="1">0</subfield>
    <subfield code="2">ddc</subfield>
    <subfield code="4">0</subfield>
    <subfield code="6">P_A1</subfield>
    <subfield code="7">1</subfield>
    <subfield code="a">PAULUS</subfield>
    <subfield code="b">PAULUS</subfield>
    <subfield code="d">2012-11-16</subfield>
    <subfield code="l">0</subfield>
    <subfield code="o">P A1</subfield>
    <subfield code="r">2012-11-16 00:00:00</subfield>
    <subfield code="w">2012-11-16</subfield>
    <subfield code="y">BK</subfield>
  </datafield>
</record>
